000 01882cam a22003498a 4500
001 13007
003 BD-RjUL
005 20211208235405.0
008 140130s2009 mau b 001 0 eng
020 _a9780763758684 (alk. paper)
035 _a(BD-RjUL)13057
040 _aDNLM/DLC
_cDLC
_dDLC
_dBD-RjUL
_beng
041 _aeng
060 1 0 _aQU 450
_bH331g2009
082 0 0 _a576.5
_222
_bHAG
100 1 _aHartl, Daniel L.
_940542
245 1 0 _aGenetics :
_banalysis of genes and genomes /
_cDaniel L. Hartl and Elizabeth W. Jones.
250 _a7th ed.
260 _aSudbury, Mass. :
_bJones and Bartlett,
_cc2009.
263 _a0812
300 _a763 p. ;
_c27 cm.
504 _aIncludes bibliographical references and index.
505 0 _aIntroduction to molecular genetics and genomics -- DNA structure and DNA manipulation -- Transmission genetics : the principle of segregation -- Chromosomes and sex-chromosome inheritance -- Genetic linkage and chromosome mapping -- Molecular biology of DNA replication and recombination -- Molecular organization of chromosomes -- Human karyotypes and chromosome behavior -- Genetics of bacteria and their viruses -- Molecular biology of gene expression -- Molecular mechanisms of gene regulation -- Genomics, proteomics, and transgenics -- Genetic control of development -- Molecular mechanisms of mutation and DNA repair -- Molecular genetics of the cell cycle and cancer -- Mitochondrial DNA and extranuclear inheritance -- Molecular evolution and population genetics -- The genetic basis of complex inheritance.
650 0 _aGenetics.
_940543
650 1 2 _aGenetics.
_940544
650 2 2 _aGenomics.
_935440
700 1 _aJones, Elizabeth W.
_940545
856 4 1 _3Table of contents only
_uhttp://www.loc.gov/catdir/toc/ecip088/2008001012.html
942 _2ddc
_cBK
999 _c13007
_d13007